El Tribunal de Justicia de las Comunidades como factor de integración jurídica / por Eduardo Espín Templado
Descripción Física:
28 p. ; 21 cm
MARC
| LEADER | 00000nam a2200000Ia 4500 | ||
|---|---|---|---|
| 001 | 16382 | ||
| 008 | 160829s1990 xx 000 0 cat d | ||
| 080 | |a FU-43-1 | ||
| 100 | |a Espín Templado, Eduardo |9 22374 | ||
| 245 | |a El Tribunal de Justicia de las Comunidades como factor de integración jurídica / por Eduardo Espín Templado | ||
| 260 | |a Barcelona : |b Institut de Ciències Polítiques i Socials, |c 1990 | ||
| 300 | |a 28 p. ; |c 21 cm | ||
| 490 | 1 | |a Working papers / Institut de Ciències Polítiques i Socials ; |v 15 | |
| 650 | |a Tribunal de Justícia de les Comunitats Europees |9 22375 | ||
| 650 | |a Justícia |x Administració |x Comunitat Econòmica Europea, Països de la |9 22376 | ||
| 710 | 2 | |a Institut de Ciències Polítiques i Socials (Barcelona, Catalunya) |9 55871 | |
| 830 | 0 | |9 56044 |a Working papers (Institut de Ciències Polítiques i Socials (Barcelona, Catalunya)) |v 15 | |
| 901 | |a Arxiu | ||
| 942 | |n 1 |2 udc | ||
| 952 | |0 0 |1 0 |4 0 |6 FU431 |7 1 |9 42191 |a Arxiu |b Arxiu |d 2016-12-01 |l 0 |o FU-43-1 |p 16382 |r 2016-12-01 00:00:00 |w 2016-12-01 |y ARXIU | ||
| 999 | |c 44638 |d 44638 | ||